| 000 | 00489nam a2200145 a 4500 | ||
|---|---|---|---|
| 001 | 000044072 | ||
| 005 | 20201002045129.0 | ||
| 008 | 140515s1874 mx 000 0 spa d | ||
| 020 | _a9700710149 (v. II) | ||
| 040 |
_aDO-SdBNP _bspa _cBNPHU |
||
| 100 | 1 |
_aDíaz de León, Marco Antonio _972064 |
|
| 245 | 1 | 0 |
_aDiccionario de derecho procesal penal : _by de términos usuales en el proceso penal / _cMarco Antonio Díaz de León. |
| 260 |
_aMéxico : _bPorrúa, _c1874. |
||
| 300 |
_av. ; _c24 cm. |
||
| 999 |
_c43561 _d43561 |
||